|
|
|
|
| LEADER |
00000nam0a2200000 4500 |
| 001 |
154361 |
| 005 |
20231101221747.0 |
| 010 |
|
|
|a 9785282028522
|b (в пер.)
|b 1000 экз.
|
| 021 |
|
|
|a RU
|b 09-18705
|9 09-1112
|
| 035 |
|
|
|a (RuTPU)RU\TPU\book\167435
|
| 090 |
|
|
|a 154361
|
| 100 |
|
|
|a 20090330d2008 k y0rusy5002 ca
|
| 101 |
0 |
|
|a rus
|
| 102 |
|
|
|a RU
|
| 105 |
|
|
|a y z 001zy
|
| 200 |
1 |
|
|a Офшорные юрисдикции в глобальной и национальной экономике
|f Б. А. Хейфец
|
| 210 |
|
|
|a Москва
|c Экономика
|d 2008
|
| 215 |
|
|
|a 334, [1] с.
|d 22 см.
|
| 320 |
|
|
|a Библиогр.: с. 267-274.
|
| 330 |
|
|
|a В монографии на огромном фактическом материале анализируется .противоречивая роль офшорных юрисдикции в современной глобальной экономике, а также в экономике «принимающих» и «направляющих» офшорные капиталы стран. Дается систематизация подходов к определению офшорных юрисдикции, их классификации и специализации, анализируются новые тенденции в законодательстве офшорных юрисдикции, а также государств — доноров офшоров и международпых организаций по отношению к внешним офшорам. Особое внимание уделяется роли внешних офшоров для России, а также изменениям в российской антиофшорной политике. Для студентов, аспирантов и преподавателей высших учебных заведений, научных работников, предпринимателей и сотрудников государственных органов.
|
| 606 |
1 |
|
|a Офшорный бизнес
|2 stltpush
|3 (RuTPU)RU\TPU\subj\36583
|
| 606 |
1 |
|
|a Предпринимательское право
|2 stltpush
|3 (RuTPU)RU\TPU\subj\51122
|9 69731
|
| 610 |
1 |
|
|a хозяйственное право
|
| 610 |
1 |
|
|a офшорные компании
|
| 610 |
1 |
|
|a офшоры
|
| 610 |
1 |
|
|a офшорная экономика
|
| 610 |
1 |
|
|a история
|
| 610 |
1 |
|
|a финансовая глобализация
|
| 610 |
1 |
|
|a офшорные юрисдикции
|
| 610 |
1 |
|
|a классификация
|
| 610 |
1 |
|
|a офшорные банки
|
| 610 |
1 |
|
|a холдинговые компании
|
| 610 |
1 |
|
|a офшорные зоны
|
| 610 |
1 |
|
|a офшорные казино
|
| 610 |
1 |
|
|a льготы
|
| 610 |
1 |
|
|a соглашения
|
| 610 |
1 |
|
|a антиофшорная политика
|
| 610 |
1 |
|
|a внешние офшоры
|
| 610 |
1 |
|
|a США
|
| 610 |
1 |
|
|a Великобритания
|
| 610 |
1 |
|
|a международные организации
|
| 610 |
1 |
|
|a Евросоюз
|
| 686 |
|
|
|a Х623
|v LBC/SL-A
|2 rubbk
|
| 686 |
|
|
|a У9(2)81
|v LBC/SL-A
|2 rubbk
|
| 700 |
|
1 |
|a Хейфец
|b Б. А.
|g Борис Аронович
|4 070
|
| 801 |
|
1 |
|a RU
|b 63413507
|c 20090225
|g PSBO
|
| 801 |
|
2 |
|a RU
|b 63413507
|c 20230314
|g PSBO
|
| 942 |
|
|
|c BK
|
| 959 |
|
|
|a 30/20090218
|d 1
|e 510,62
|f ЧЗГЛ:1
|